01152nam a2200241Ia 4500001000900000003001000009008004100019040002500060041001300085100001900098245001200117250001100129260005200140300001200192500017600204501011400380520017600494650002900670942000700699957000600706999004000712952015800752L099-486IT-CnALBA170116s9999||||xx |||||||||||||| ||und|| aIT-CnALBAcIT-CnALBA aITALIANO aPRATI GIOVANNI 0aPOESIE  a1a ed. aPADOVA - VCbGREGORIANA LIBRERIA EDITRICEcn.d. a277 p.  aPREFAZIONE E NOTE DI BUSATO GIUSEPPE. IL CONTE ROSSO. INNO MILITARE. ARMI! ARMI! SATIRA. LA STATUA DI EMANUELE FILIBERTO E LA SENTINELLA. DIALOGO. A CARLO ALBERTO. ETC...  aSocietà San Paolo EM - Piazza San Paolo, 14 - 12051 ALBA (CN) (non commercial uses only) ® Copyright 2017 aPREFAZIONE E NOTE DI BUSATO GIUSEPPE. IL CONTE ROSSO. INNO MILITARE. ARMI! ARMI! SATIRA. LA STATUA DI EMANUELE FILIBERTO E LA SENTINELLA. DIALOGO. A CARLO ALBERTO. ETC...  aLIBRI DI PICCOLO FORMATO cBK 71 a585bNOg Copie: 1 c259722d259722 0010406L_09948671aALBAbALBAd2017-01-16l0oL099-486r2017-01-16 00:00:00w2017-01-16yBKz(data import: 16 gennaio 2017) - By Epidotti, Vaglietti.